=LDR 00000nam 2200000 4500 =001 INLIS000000000022953 =005 20130612121645 =008 ***********************************Ind** =035 ##$$a0010-061300000022953 =041 ##$$a Ind =082 ##$$a 420.7 =090 ##$$a 420.7, Muk-p =100 ##$$a Mukhlis, Akh =245 ##$$a Pelajaran Bahasa Inggris untuk SLTP Kelas 1 Cawu 1,2,3, Ach.Muchlis; Semino =260 ##$$a 1996 $b Surabaya =300 ##$$a viii, 288 hlm., ilus, 21 cm =650 ##$$a Bahasa - Inggris =850 ##$$a NBPNMAT =990 ##$$a 0001/BPAP-NTB/20142014